| 000 | 00485nam a2200181Ia 4500 | ||
|---|---|---|---|
| 005 | 20250326125554.0 | ||
| 008 | 250326s9999 xx 000 0 und d | ||
| 037 | _aTextbook | ||
| 040 |
_aFMSL _beng _cFMSL |
||
| 041 |
_aeng _2eng |
||
| 084 |
_aX:5.1 L0 _qFMSL |
||
| 100 |
_aBhagwati J _9738675 |
||
| 245 | 0 |
_aInternational trade _cBhagwati J |
|
| 260 |
_aEngland _bEngland, Penguin Books _c1970 |
||
| 300 | _a414p | ||
| 942 |
_cTB _hX:5.1 L0 |
||
| 999 |
_c1278630 _d1278630 |
||